| 000 | 00941nas a2200289 4500 | ||
|---|---|---|---|
| 001 | BR2014001746 | ||
| 003 | BR-BrBNA | ||
| 005 | 20231205123838.0 | ||
| 007 | ta | ||
| 008 | 230509b bl.|||p| |||| 00| 00por d | ||
| 040 |
_aBR-BrBNA _bpor _cBiblioteca Nacional de Agricultura |
||
| 041 | _a(Pt) | ||
| 072 | _aJ11; Q04; Q80 | ||
| 100 | 1 | _aCervezan, T.C.M. | |
| 100 | 1 | _aBroetto, F. | |
| 100 | 1 | _aFigueira, G.M. | |
| 100 | 1 | _aRabonato, A.C. | |
| 100 | 1 | _aSouza, I.M. de O. | |
| 245 | 1 | _aAvaliação fitoquímica e microbiológica da espécie Artemisia annua L., submetida a tratamentos de armazenamento e condições de ambiente | |
| 650 | _aPLANTA MEDICINAL | ||
| 650 | _aACONDICIONAMENTO | ||
| 650 | _aEMBALAGEM | ||
| 650 | _aFITOTERAPIA | ||
| 773 | 0 |
_tEnergia na Agricultura (Brazil) _xISSN 1808-8759 _g(Oct-Dec 2013), v. 28(4) p. 270-276 _wBR2014001746 |
|
| 909 |
_a202311 _bLúcia _c55 _dLúcia Elande |
||
| 942 |
_2AGRIS _n0 _cANA |
||
| 999 |
_c236001 _d236001 |
||